Statistics for Name a Country in Each Basin

Click here to take the quiz!

General Stats

  • This quiz has been taken 24 times
  • The average score is 19 of 22

Answer Stats

Sea#Basin Country% Correct
Gulf of MexicoCCuba
100%
Tasman SeaNNew Zealand
100%
Caribbean SeaTTrinidad and Tobago
100%
Sea of OkhotskJJapan
96%
Bering SeaRRussia
96%
North SeaBBelgium
91%
South China SeaBBrunei
91%
Baffin BayCCanada
91%
Labrador SeaDDenmark
91%
Bay of BengalSSri Lanka
91%
Philippine SeaTTaiwan
91%
Arabian SeaMMaldives
87%
Baltic SeaPPoland
87%
Black SeaBBulgaria
83%
Red SeaDDjibouti
83%
Caspian SeaIIran
83%
Barents SeaNNorway
83%
Coral SeaSSolomon Islands
83%
Gulf of GuineaAAngola
74%
Adriatic SeaMMontenegro
74%
Andaman SeaMMyanmar
70%
Gulf of AdenSSomalia
70%

Score Distribution

Percentile by Number Answered

Percent of People with Each Score

Your Score History

You have not taken this quiz